000 00446nam a2200169Ia 4500
008 230917s9999||||xx |||||||||||||| ||und||
020 _cRS 399.00
040 _e5001652
_aMAIN
041 _aEnglish
082 _a005.7 U1B
100 _aUpadhyay, Nitin
245 0 _aBig data: Management and analytics
260 _aDelhi
_bCengage
_c2018
300 _axiii, 296 p.
500 _a3956 03/01/2020 HBD20/8174 24/01/2020 Main Budget
942 _cBK
999 _c1321
_d1321